Choose to be happy. (Record no. 12747)

000 -LEADER
fixed length control field 00565nam a2200181 a 4500
001 - CONTROL NUMBER
control field :::00010561$&:&@@
003 - CONTROL NUMBER IDENTIFIER
control field OkBaRHE
005 - DATE AND TIME OF LATEST TRANSACTION
control field 20000607103400.0
008 - FIXED-LENGTH DATA ELEMENTS--GENERAL INFORMATION
fixed length control field s1987 j 000 0 eng u
040 ## - CATALOGING SOURCE
Transcribing agency
100 1# - MAIN ENTRY--PERSONAL NAME
Personal name Prewitt-Salem, Cheryl.
245 10 - TITLE STATEMENT
Title Choose to be happy.
260 ## - PUBLICATION, DISTRIBUTION, ETC. (IMPRINT)
Place of publication, distribution, etc Tulsa, OK., :
Name of publisher, distributor, etc Praise Books
Date of publication, distribution, etc c1987
300 ## - PHYSICAL DESCRIPTION
Extent 32 p. ;
Dimensions 13 cm.
650 ## - SUBJECT ADDED ENTRY--TOPICAL TERM
Topical term or geographic name as entry element Christian Life
942 ## - ADDED ENTRY ELEMENTS (KOHA)
Source of classification or shelving scheme
Koha item type Books
Copies
Date last seen Permanent Location Current Location Date acquired Withdrawn status Shelving location Koha item type Source of classification or shelving scheme Lost status Copy number Not for loan Price effective from Total Checkouts Barcode Date checked out Damaged status Full call number
2010-11-17RHEMA Bible Training CollegeRHEMA Bible Training College2010-04-14 General StacksBooks  1 2010-04-141105612010-11-03 BV 4501 .P7